• 首页
  • 本馆介绍
  • 公告通知
  • 最新文献
  • 馆藏检索
  • 电子资源
  • 读者导购
  • 参考咨询
  • 我的图书馆
  • 登录
  • 详细信息显示
  • 放入我的书架
  • 预约/预借图书
  • 作者相关作品
  • 分类相关作品
  • 丛书相关作品
  • 出版社相关作品

书目信息

  • 表格格式
  • 工作单格式
  • 卡片格式
题名:
建筑生态学
    
 
作者: 朱鹏飞 主编
分册:  
出版信息: 北京   中国建筑工业出版社  2011.2
页数: 263页
开本: 26cm
丛书名:
单 册:
中图分类: TU18
科图分类:
主题词: 生态学--应用--建筑学--高等学校--教材
电子资源:
ISBN: 978-7-112-12163-2
000 00856nam0 2200241 450
001 0400001503
005 20171018144949.0
010    @a978-7-112-12163-2@dCNY30.00
100    @a20110513e20172011em y0chiy50 ea
101 0  @achi
102    @aCN@b110000
105    @ay z 000yy
106    @ar
200 1  @a建筑生态学@9jian zhu sheng tai xue@f朱鹏飞主编
210    @a北京@c中国建筑工业出版社@d2011.2@h2017.1
215    @a263页@d26cm
300    @aA+U高校建筑学与城市规划专业教材
330    @a本书内容包括:建筑生态学基础、建筑生态学与风水学、建筑的生态空间、建筑与水环境生态系统、建筑与园林植物的生态配置、经典建筑的生态启示、建筑创作中的生态构思、建筑的生态设计等。
606 0  @a生态学@x应用@x建筑学@x高等学校@j教材
690    @aTU18@v4
701  0 @a朱鹏飞@9zhu peng fei@4主编
801  0 @aCN@b91MARC@c20171018
905    @b1021089-93@dTU18@f5@e1011
    
    建筑生态学/朱鹏飞主编.-北京:中国建筑工业出版社,2011.2(2017.1)
    263页;26cm
    A+U高校建筑学与城市规划专业教材
    
    ISBN 978-7-112-12163-2:CNY30.00
    本书内容包括:建筑生态学基础、建筑生态学与风水学、建筑的生态空间、建筑与水环境生态系统、建筑与园林植物的生态配置、经典建筑的生态启示、建筑创作中的生态构思、建筑的生态设计等。
●
相关链接 在E读中查询图书 在五车中查询图书 在当当中查询图书 在豆瓣中查询图书


正题名:建筑生态学     索取号:TU18/1011         预约/预借

序号 登录号 条形码 馆藏地/架位号 状态 备注
1 1021089   210210895   第二样本阅览室/ [索取号:TU18/1011] 在馆    
2 1021090   210210902   密集书库-生命科学系/ [索取号:TU18/1011] 在馆    
3 1021091   210210911   第三借阅区/ [索取号:TU18/1011] 在馆    
4 1021092   210210920   第三借阅区/ [索取号:TU18/1011] 在馆    
5 1021093   210210939   第三借阅区/ [索取号:TU18/1011] 在馆    
唐山师范学院图书馆 欢迎您!
大连网信软件有限公司© 版权所有